[Event "World Junior U20 Girls 2018"]
[Site "Gebze"]
[Date "2018.09.06"]
[Round "2"]
[White "Wafa, Shahenda"]
[Black "Unuk, Laura"]
[Result "1-0"]
[WhiteElo "2129"]
[BlackElo "2299"]
[Annotator "TA"]
[PlyCount "156"]
[EventDate "2018.09.05"]
[EventType "swiss"]
[EventCountry "TUR"]
[SourceTitle "playchess.com"]
[Source "ChessBase"]
[SourceQuality "1"]

{[%evp 14,156,40,27,54,29,54,56,56,43,41,28,18,10,8,-1,12,-4,26,31,29,20,29,2,28,17,34,32,32,31,47,46,48,23,78,54,134,122,145,16,25,8,8,0,13,14,18,23,47,66,105,44,46,36,78,13,61,50,87,91,109,100,118,66,66,64,61,34,25,34,44,29,57,8,40,8,20,0,0,0,8,8,8,8,52,64,72,71,72,70,277,277,404,188,154,172,251,217,517,527,589,567,958,538,539,535,488,412,462,383,450,383,376,369,491,451,447,503,509,513,500,489,420,391,739,558,702,708,683,656,29976,29977,29977,29978,29976,29977,29975,29976,29983,29984,29984,29985,29985,29986,29985]} 1. e4 e5 2. Nf3 Nc6 3. Bb5 a6 4. Ba4 d6 5. O-O Bd7 6. c3 g6 7. d4 Bg7 8. Bg5 {LiveBook: 144 Games. C76: Ruy Lopez: Deferred Steinitz: 5 c3 Bd7 6 d4 g6} (8. Re1 {keeps more tension.} Nf6 9. d5 Ne7 10. Bxd7+ Nxd7 11. c4) (8. Be3 Nf6 9. Nbd2 Ng4 10. Bg5 f6 11. Bh4 Qe7 12. b4 h5 13. Bg3 O-O 14. Re1 Nh6 15. Nf1 g5 16. Bb3+ Kh7 17. dxe5 Nxe5 18. Bxe5 fxe5 {½-½ (61) Yu,Y (2751)-Mamedyarov,S (2799) Huaian 2017}) 8... Qc8 9. dxe5 (9. Re1 {with more complications.} b5 10. Bb3 h6 11. Bh4 Nge7 12. a4) 9... Nxe5 10. Nxe5 {White is slightly better.} dxe5 $146 ({Predecessor:} 10... Bxe5 11. f4 Bf6 12. Bxf6 Nxf6 13. e5 dxe5 14. fxe5 Bxa4 15. Qxa4+ Nd7 {1-0 (23) Sadilek,P (2183)-Wurzenberger,L Vienna 2008}) 11. Bxd7+ Qxd7 12. Qxd7+ Kxd7 13. Rd1+ Ke6 14. c4 h6 15. Be3 Ne7 16. Nc3 Nc6 17. Nd5 Rac8 18. Bc5 Rhd8 19. g3 b6 20. Be3 f5 21. f3 Bf8 22. Kg2 Rd7 23. Rf1 h5 (23... g5 $11) 24. Rad1 Bc5 (24... Kf7 $14) 25. Bxc5 $16 bxc5 {[#]} 26. f4 (26. Nf4+ $1 $16 {[%mdl 512]} exf4 27. exf5+ Ke7 {[#]} 28. f6+ $1 {[%mdl 512]} (28. fxg6 $2 Rd4 $19) 28... Ke6 29. Rfe1+ Ne5 30. Rxd7 Kxd7 31. Rxe5) 26... fxe4 $11 27. fxe5 Kxe5 28. Rf4 g5 {[#]} 29. Rxe4+ $1 {[%mdl 512]} Kxe4 30. Nf6+ Ke3 31. Rxd7 $14 {[%mdl 4096] Endgame KRN-KRN} Nd4 32. Re7+ ({Better is} 32. Rd5 $16) 32... Kd3 33. b3 h4 34. Re5 (34. gxh4 $16 gxh4 35. Ne4) 34... hxg3 (34... h3+ $5 35. Kxh3 Rh8+ 36. Kg2 Rxh2+ 37. Kxh2 Nf3+ 38. Kg2 Nxe5 $11) 35. hxg3 Rf8 36. Nd7 Rg8 37. Nxc5+ Kc3 38. Ne4+ (38. Kf2 $16) 38... Kb2 39. Ra5 g4 40. Nf2 Rg6 41. Nd3+ Kb1 42. Nf4 Rh6 43. Kf2 {aiming for Ke3.} Nc2 44. Ra4 c5 45. Ke2 Rh2+ 46. Kd3 {And now Ke4 would win.} Nb4+ 47. Ke4 {Hoping for a3.} Rxa2 48. Ne6 Re2+ 49. Kf5 Nd3 50. Rxa6 Kb2 51. Rb6 ({Reject} 51. Kxg4 Kxb3 52. Kf3 Re1 $11) 51... Nf2 $2 ({Black should try} 51... Re5+ $14 52. Kxg4 Kc2) 52. Nxc5 $18 Re3 (52... Ka3 $142 53. Nd7 Ne4 54. Kxg4 Nd2) 53. Re6 (53. Na4+ $142 Ka3 54. c5) 53... Rf3+ 54. Kg5 Ka3 (54... Kc3 {was called for.} 55. Re2 Kd4) 55. Kh4 Kb4 $2 (55... Rf8 56. Re3 Rh8+ 57. Kg5 Rg8+ 58. Kf5 Nd1) 56. Ne4 Nd1 57. Rb6+ Ka5 58. Rb5+ Ka6 59. Kxg4 Rf8 60. Nc5+ Ka7 61. Rb7+ Ka8 62. Rd7 Ne3+ 63. Kh4 Rh8+ 64. Kg5 Rg8+ 65. Kf4 Ng2+ 66. Kf3 Ne1+ 67. Kf2 Nc2 68. Nd3 Na3 $2 (68... Kb8 69. Kf3 Kc8) 69. Kf3 Nb1 70. Nf4 Rb8 71. Rd3 Rxb3 72. Rxb3 {White mates.} Nd2+ 73. Ke3 Nxb3 74. g4 {[%cal Bg3g4,Bg4g5,Bg5g6,Bg6g7][%mdl 32]} Kb7 75. g5 Nc5 76. g6 Nd7 77. Nd5 Ne5 78. g7 Ng4+ {Precision: White = 39%, Black = 35%.} 1-0

[Event "World Junior U20 Girls 2018"]
[Site "Gebze"]
[Date "2018.09.06"]
[Round "2"]
[White "Serikbay, Assel"]
[Black "Chitlange Sakshi"]
[Result "1/2-1/2"]
[WhiteElo "2125"]
[BlackElo "2279"]
[Annotator "NA"]
[PlyCount "95"]
[EventDate "2018.09.05"]
[EventType "swiss"]
[EventCountry "TUR"]
[SourceTitle "playchess.com"]
[Source "ChessBase"]
[SourceQuality "1"]
[TimeControl "40/5400+30:1800+30"]

1. d4 {[%emt 0:00:30]} Nf6 {[%emt 0:00:30]} 2. c4 {[%emt 0:00:30]} e6 {[%emt 0:00:30]} 3. g3 {[%emt 0:00:00]} d5 {[%emt 0:01:30]} 4. Nf3 {[%emt 0:01:00]} Be7 {[%emt 0:02:30]} 5. Bg2 {[%emt 0:00:00]} O-O {[%emt 0:00:00]} 6. O-O {[%emt 0:00:00]} c6 {[%emt 0:02:00]} 7. Qc2 {[%emt 0:02:30]} b6 {[%emt 0:00:30]} 8. Nbd2 {[%emt 0:03:30]} Bb7 {[%emt 0:01:30]} 9. e4 {[%emt 0:00:30]} Na6 {[%emt 0:00:00]} 10. e5 {[%emt 0:03:30]} Nd7 {[%emt 0:02:00]} 11. b3 {[%emt 0:13:30] E06: Closed Catalan: Early deviations} (11. cxd5) 11... Rc8 {[%emt 0:02:30]} 12. Bb2 {[%emt 0:00:30]} Nb4 {[%emt 0:01:30]} 13. Qb1 {[%emt 0:01:30]} c5 {[%emt 0:01:30]} 14. a3 {[%emt 0:05:30]} Na6 $146 {[%emt 0:02:30]} ({Predecessor:} 14... Nc6 15. cxd5 exd5 16. Bh3 cxd4 17. b4 Ndxe5 18. Bxc8 Qxc8 {1-0 (42) Esenbek Uulu,I (2098)-Imanaliev,T (2355) Bishkek 2012}) 15. Rd1 {[%emt 0:09:30]} Qc7 {[%emt 0:01:30]} 16. Qd3 {[%emt 0:27:30]} Qb8 {[%emt 0:13:30]} 17. cxd5 {[%emt 0:02:30]} exd5 {[%emt 0:00:30]} 18. Qf5 {[%emt 0:02:30]} Rcd8 {[%emt 0:08:30]} 19. e6 {[%emt 0:01:30]} fxe6 {[%emt 0:05:30]} 20. Qxe6+ {[%emt 0:00:30]} Rf7 {[%emt 0:00:30]} 21. Qe2 {[%emt 0:03:30]} Nc7 {[%emt 0:06:30]} 22. Nf1 {[%emt 0:02:21]} Rdf8 {[%emt 0:07:30]} 23. Rd2 {[%emt 0:03:54]} Ba6 {[%emt 0:03:30]} 24. Qd1 {[%emt 0:00:21]} c4 {[%emt 0:11:30]} 25. bxc4 {[%emt 0:03:22]} dxc4 {[%emt 0:00:00]} 26. Ne3 {[%emt 0:00:15]} b5 {[%emt 0:02:00]} 27. Ng4 {[%emt 0:03:20]} Bb7 {[%emt 0:09:26]} 28. Nfe5 {[%emt 0:01:32]} Nxe5 {[%emt 0:00:31]} 29. Nxe5 {[%emt 0:00:39]} Bxg2 {[%emt 0:00:24]} 30. Nxf7 {[%emt 0:01:59]} Ba8 {[%emt 0:04:58]} 31. Ne5 {[%emt 0:00:44]} Qb7 {[%emt 0:00:02]} 32. f3 {[%emt 0:01:59]} Nd5 {[%emt 0:00:07]} 33. Qc2 {[%emt 0:02:12]} Bg5 {[%emt 0:07:10]} 34. Re2 {[%emt 0:00:16]} Ne3 {[%emt 0:00:00]} 35. Qe4 {[%emt 0:00:34]} Qc8 {[%emt 0:02:27]} 36. d5 {[%emt 0:01:01]} Nxd5 {[%emt 0:00:33]} 37. Qd4 {[%emt 0:01:44]} Bf6 {[%emt 0:00:03]} 38. Rc1 {[%emt 0:00:57]} Qb7 {[%emt 0:00:27]} 39. Qg4 {[%emt 0:00:26]} Re8 {[%emt 0:01:11]} 40. Bd4 {[%emt 0:00:00]} Qa6 {[%emt 0:00:00]} 41. Qd7 {[%emt 0:05:24]} Qe6 $18 {[%emt 0:07:11]} 42. Qxa7 {[%emt 0:04:30]} Ne7 {[%emt 0:03:30]} 43. Rce1 {[%emt 0:03:30]} Qd5 {[%emt 0:00:30]} 44. Qc5 {[%emt 0:04:41]} Qb7 {[%emt 0:00:30]} 45. Qb6 {[%emt 0:01:25]} Qd5 {[%emt 0:00:30]} 46. Qc5 {[%emt 0:00:30]} Qb7 {[%emt 0:00:30]} 47. Qb6 {[%emt 0:10:52]} Qd5 {[%emt 0:01:30]} 48. Qc5 {[%emt 0:00:43]} 1/2-1/2

[Event "World Junior U20 Girls 2018"]
[Site "Gebze"]
[Date "2018.09.06"]
[Round "2"]
[White "Ozbay, Ece"]
[Black "Esti, Kubra Selenay"]
[Result "1-0"]
[WhiteElo "2114"]
[BlackElo "1662"]
[Annotator "NA"]
[PlyCount "73"]
[EventDate "2018.09.05"]
[EventType "swiss"]
[EventCountry "TUR"]
[SourceTitle "playchess.com"]
[Source "ChessBase"]
[SourceQuality "1"]
[TimeControl "40/5400+30:1800+30"]

1. e4 {[%emt 0:00:30]} e5 {[%emt 0:00:30]} 2. Nf3 {[%emt 0:00:30]} Nc6 {[%emt 0:00:30]} 3. Bb5 {[%emt 0:00:30]} a6 {[%emt 0:00:30]} 4. Ba4 {[%emt 0:00:00]} Nf6 {[%emt 0:00:00]} 5. O-O {[%emt 0:00:00]} b5 {[%emt 0:00:00]} 6. Bb3 {[%emt 0:00:00]} Be7 {[%emt 0:00:00]} 7. Re1 {[%emt 0:00:00]} d6 {[%emt 0:01:00]} 8. c3 {[%emt 0:00:00]} O-O {[%emt 0:00:30]} 9. h3 {[%emt 0:00:00]} Na5 {[%emt 0:00:30]} 10. Bc2 {[%emt 0:00:00]} c5 {[%emt 0:00:00]} 11. d4 {[%emt 0:00:00]} Qc7 {[%emt 0:00:00]} 12. d5 {[%emt 0:00:00]} Nb7 {[%emt 0:03:30]} 13. b3 {[%emt 0:02:00]} Bd7 {[%emt 0:02:30]} 14. Nbd2 {[%emt 0:00:30]} g6 {[%emt 0:01:30]} 15. Nf1 {[%emt 0:01:30]} Nh5 {[%emt 0:04:30]} 16. g4 {[%emt 0:02:30] C97: Closed Ruy Lopez: Chigorin Defence: 11 d4 Qc7, sidelines} Ng7 {[%emt 0:01:30]} 17. Ng3 {[%emt 0:00:30]} f6 {[%emt 0:06:30]} 18. Nh2 {[%emt 0:10:30] [#]} g5 $146 {[%emt 0:05:30]} ({Predecessor:} 18... a5 19. Bh6 b4 20. c4 Nd8 21. h4 Nf7 22. Bd2 Qc8 23. Kh1 a4 24. Rc1 axb3 25. axb3 Ra2 26. Rg1 Kh8 27. Be3 Kg8 {½-½ (27) Megaranto,S (2569)-Zhang,Z (2634) Singapore 2007}) 19. Nhf1 {[%emt 0:03:30]} Nd8 {[%emt 0:01:30]} 20. Ne3 {[%emt 0:04:30]} Nf7 {[%emt 0:00:30]} 21. Qf3 {[%emt 0:00:30]} Qc8 {[%emt 0:11:30]} 22. Kg2 $16 {[%emt 0:08:30]} Nh8 {[%emt 0:06:30]} 23. Nef5 {[%emt 0:02:30]} Ng6 {[%emt 0:05:30]} 24. Nxe7+ {[%emt 0:04:30]} Nxe7 {[%emt 0:00:30]} 25. Nf5 {[%emt 0:00:30]} Bxf5 {[%emt 0:08:30]} 26. gxf5 {[%emt 0:02:30]} Kf7 {[%emt 0:14:30]} 27. Bd2 {[%emt 0:02:30]} h5 {[%emt 0:10:38]} 28. a4 {[%emt 0:02:30]} Qd7 {[%emt 0:04:05]} 29. Bd3 {[%emt 0:02:30]} Rg8 {[%emt 0:03:47]} 30. Qe2 {[%emt 0:01:30]} g4 {[%emt 0:02:47]} 31. hxg4 {[%emt 0:02:30]} Ngxf5 {[%emt 0:01:14]} 32. exf5 {[%emt 0:07:30]} Rxg4+ {[%emt 0:01:39]} 33. Kf1 {[%emt 0:00:00]} Rag8 {[%emt 0:00:43]} 34. Qf3 {[%emt 0:01:00]} c4 {[%emt 0:02:09]} 35. bxc4 {[%emt 0:01:30]} bxc4 {[%emt 0:00:24]} 36. Be4 {[%emt 0:00:30]} h4 {[%emt 0:00:46]} 37. Ke2 {[%emt 0:01:30]} 1-0

[Event "World Junior U20 Girls 2018"]
[Site "Gebze"]
[Date "2018.09.06"]
[Round "2"]
[White "Dwilewicz, Katarzyna"]
[Black "Haussernot, Cecile"]
[Result "1-0"]
[WhiteElo "2081"]
[BlackElo "2237"]
[Annotator "NA"]
[PlyCount "53"]
[EventDate "2018.09.05"]
[EventType "swiss"]
[EventCountry "TUR"]
[SourceTitle "playchess.com"]
[Source "ChessBase"]
[SourceQuality "1"]
[TimeControl "40/5400+30:1800+30"]

1. e4 e6 2. d4 d5 3. Nc3 Nf6 4. e5 Nfd7 5. f4 c5 6. Nf3 Nc6 7. Be3 Be7 8. Qd2 O-O 9. h4 cxd4 10. Nxd4 Nxd4 11. Bxd4 Bxh4+ 12. Bf2 Be7 13. Bd3 f5 14. exf6 Nxf6 $16 15. O-O-O Qa5 16. Bd4 b5 17. g4 b4 18. Nb1 Ne4 19. Qh2 h6 20. Bxg7 Rxf4 21. Qxh6 Kf7 22. Qxf4+ Kxg7 23. Bxe4 dxe4 24. Qh6+ Kf7 25. Rhf1+ Kg8 26. Qg6+ Kh8 27. Rh1+ 1-0

[Event "World Junior U20 Girls 2018"]
[Site "Gebze"]
[Date "2018.09.06"]
[Round "2"]
[White "Lingur, Zalina"]
[Black "Duran, Esma Doga"]
[Result "1/2-1/2"]
[WhiteElo "2061"]
[BlackElo "1825"]
[Annotator "NA"]
[PlyCount "78"]
[EventDate "2018.09.05"]
[EventType "swiss"]
[EventCountry "TUR"]
[SourceTitle "playchess.com"]
[Source "ChessBase"]
[SourceQuality "1"]
[TimeControl "40/5400+30:1800+30"]

1. e4 {[%emt 0:03:30]} c5 {[%emt 0:00:30]} 2. Nf3 {[%emt 0:00:30]} e6 {[%emt 0:00:30]} 3. d4 {[%emt 0:00:30]} cxd4 {[%emt 0:00:30]} 4. Nxd4 {[%emt 0:00:00]} Nc6 {[%emt 0:00:00]} 5. Nc3 {[%emt 0:00:00]} a6 {[%emt 0:00:00]} 6. Nxc6 {[%emt 0:00:30]} bxc6 {[%emt 0:00:30]} 7. Bd3 {[%emt 0:00:30]} d5 $11 {[%emt 0:02:30] LiveBook: 878 Games} 8. O-O {[%emt 0:00:30]} Nf6 {[%emt 0:00:30]} 9. Re1 {[%emt 0:05:30]} Be7 {[%emt 0:00:30]} 10. e5 {[%emt 0:01:30]} Nd7 {[%emt 0:00:30]} 11. Qg4 {[%emt 0:00:00]} g6 {[%emt 0:16:30]} 12. Bh6 {[%emt 0:00:00]} Qc7 {[%emt 0:00:30]} 13. Qg3 {[%emt 0:06:30]} c5 {[%emt 0:12:30]} 14. Bg5 {[%emt 0:30:30]} Qd8 {[%emt 0:26:30]} 15. Bf4 {[%emt 0:08:30]} Bb7 {[%emt 0:05:30]} 16. a4 {[%emt 0:11:30]} Qc7 {[%emt 0:06:30]} 17. Bg5 {[%emt 0:01:30]} Qd8 {[%emt 0:00:00]} 18. Bxe7 {[%emt 0:05:30]} Qxe7 {[%emt 0:00:00]} 19. Nb1 {[%emt 0:00:30]} c4 {[%emt 0:16:26]} 20. Bf1 {[%emt 0:02:30]} Nc5 {[%emt 0:00:20]} 21. Nd2 {[%emt 0:00:30]} O-O {[%emt 0:02:35]} 22. h4 {[%emt 0:03:22]} h6 {[%emt 0:02:53]} 23. Qf4 {[%emt 0:02:49]} Kg7 {[%emt 0:01:04]} 24. a5 {[%emt 0:01:23]} Bc6 {[%emt 0:01:38]} 25. b4 {[%emt 0:02:24]} Nd7 {[%emt 0:00:30]} 26. c3 {[%emt 0:00:30]} f6 {[%emt 0:00:30]} 27. exf6+ {[%emt 0:00:30]} Qxf6 {[%emt 0:00:30]} 28. Qxf6+ {[%emt 0:00:30]} Rxf6 {[%emt 0:00:30]} 29. Nf3 {[%emt 0:00:30]} Re8 {[%emt 0:01:08]} 30. Ne5 {[%emt 0:10:17]} Nxe5 {[%emt 0:00:47]} 31. Rxe5 {[%emt 0:00:01]} Rf5 {[%emt 0:00:00]} 32. Rae1 {[%emt 0:00:42]} Kf6 {[%emt 0:00:26]} 33. R5e3 {[%emt 0:01:45]} Bd7 {[%emt 0:01:30]} 34. g3 {[%emt 0:00:30]} Kf7 {[%emt 0:01:08]} 35. Bh3 {[%emt 0:01:05]} Rf6 {[%emt 0:00:15]} 36. Re5 {[%emt 0:00:29]} Rf3 {[%emt 0:01:08]} 37. R5e3 {[%emt 0:00:56]} Rxe3 {[%emt 0:00:03]} 38. Rxe3 {[%emt 0:00:00]} Kf6 {[%emt 0:00:23]} 39. f4 {[%emt 0:00:44]} Bc6 {[%emt 0:00:41]} 1/2-1/2

[Event "World Junior U20 Girls 2018"]
[Site "Gebze"]
[Date "2018.09.06"]
[Round "2"]
[White "Auvray, Honorine"]
[Black "Ghukasyan, Siranush"]
[Result "0-1"]
[WhiteElo "2050"]
[BlackElo "2205"]
[Annotator "NA"]
[PlyCount "124"]
[EventDate "2018.09.05"]
[EventType "swiss"]
[EventCountry "TUR"]
[SourceTitle "playchess.com"]
[Source "ChessBase"]
[SourceQuality "1"]
[TimeControl "40/5400+30:1800+30"]

1. d4 {[%emt 0:00:30]} d5 {[%emt 0:00:30]} 2. Bf4 {[%emt 0:00:00]} Nf6 {[%emt 0:00:30]} 3. e3 {[%emt 0:00:00]} e6 {[%emt 0:00:30]} 4. Nd2 {[%emt 0:00:30]} c5 {[%emt 0:00:30]} 5. c3 {[%emt 0:00:30]} Nc6 {[%emt 0:00:30]} 6. Ngf3 {[%emt 0:00:30]} Bd6 {[%emt 0:00:00]} 7. Bg3 {[%emt 0:00:30]} O-O {[%emt 0:02:00]} 8. Bd3 {[%emt 0:00:30]} b6 {[%emt 0:00:30]} 9. Qe2 {[%emt 0:00:30]} Bb7 {[%emt 0:00:00]} 10. Rd1 {[%emt 0:02:30]} Re8 {[%emt 0:05:00]} 11. e4 {[%emt 0:00:30]} Be7 {[%emt 0:00:30]} 12. e5 {[%emt 0:01:30]} Nh5 {[%emt 0:00:30]} 13. a3 {[%emt 0:00:00]} c4 {[%emt 0:06:30]} 14. Bb1 {[%emt 0:00:00]} g6 {[%emt 0:03:30]} 15. Nf1 {[%emt 0:03:30]} b5 {[%emt 0:06:30]} 16. Ne3 {[%emt 0:04:30]} a5 {[%emt 0:01:30]} 17. Ng4 {[%emt 0:07:30]} b4 {[%emt 0:05:30]} 18. Qe3 {[%emt 0:12:30]} bxc3 {[%emt 0:01:30]} 19. bxc3 {[%emt 0:06:30]} a4 {[%emt 0:06:30]} 20. Bf4 {[%emt 0:07:30]} Bc8 {[%emt 0:26:30]} 21. Nh6+ {[%emt 0:02:30]} Kg7 {[%emt 0:01:30]} 22. g4 {[%emt 0:01:30]} Nxf4 {[%emt 0:00:30]} 23. Qxf4 {[%emt 0:00:30]} Rf8 {[%emt 0:06:30]} 24. g5 {[%emt 0:03:30]} Bxa3 {[%emt 0:05:30]} 25. Qh4 {[%emt 0:23:30]} Be7 {[%emt 0:02:10]} 26. Ng4 {[%emt 0:08:48]} Rh8 {[%emt 0:01:26]} 27. Nf6 {[%emt 0:03:52]} h5 {[%emt 0:01:27]} 28. Qf4 {[%emt 0:03:22]} a3 {[%emt 0:00:23]} 29. Ba2 {[%emt 0:01:07]} Rb8 {[%emt 0:01:26]} 30. O-O {[%emt 0:01:53]} Qa5 {[%emt 0:01:21]} 31. Qe3 {[%emt 0:00:44]} Qc7 {[%emt 0:07:52]} 32. Nh4 {[%emt 0:03:17]} Ba6 {[%emt 0:01:57]} 33. Rd2 {[%emt 0:00:43]} Bb5 {[%emt 0:00:48]} 34. Ng2 {[%emt 0:00:39]} Ba4 {[%emt 0:01:36]} 35. Nf4 {[%emt 0:00:30]} Qa5 {[%emt 0:02:17]} 36. Qf3 {[%emt 0:00:39]} Rb7 {[%emt 0:01:34]} 37. Kh1 {[%emt 0:00:43]} Na7 {[%emt 0:00:38]} 38. Bb1 {[%emt 0:00:30]} Rhb8 {[%emt 0:00:31]} 39. N6xh5+ {[%emt 0:00:36]} gxh5 {[%emt 0:00:29]} 40. Nxh5+ {[%emt 0:00:00]} Kf8 {[%emt 0:00:00]} 41. g6 {[%emt 0:02:37]} Bg5 {[%emt 0:02:35]} 42. g7+ {[%emt 0:00:30]} Ke7 {[%emt 0:02:30]} 43. Bh7 {[%emt 0:01:30]} Bxd2 {[%emt 0:07:30]} 44. Qf6+ {[%emt 0:01:30]} Kd7 {[%emt 0:00:30]} 45. Qxf7+ {[%emt 0:01:30]} Kc6 {[%emt 0:00:00]} 46. Qxe6+ {[%emt 0:00:30]} Kb5 {[%emt 0:00:00]} 47. Bg6 {[%emt 0:08:42]} Qd8 {[%emt 0:10:46]} 48. Rb1+ {[%emt 0:01:36]} Bb3 {[%emt 0:00:22]} 49. Rxb3+ {[%emt 0:02:05]} cxb3 {[%emt 0:00:14]} 50. g8=Q {[%emt 0:00:47]} Rb6 {[%emt 0:05:34]} 51. Bd3+ {[%emt 0:03:29]} Ka5 {[%emt 0:00:04]} 52. Qxd5+ {[%emt 0:03:44]} Qxd5+ {[%emt 0:00:30]} 53. Qxd5+ {[%emt 0:00:00]} Rb5 {[%emt 0:00:37]} 54. Qd7 {[%emt 0:02:19]} R8b7 {[%emt 0:01:46]} 55. Qd8+ {[%emt 0:00:12]} Ka4 {[%emt 0:01:00]} 56. Bxb5+ {[%emt 0:01:57]} Rxb5 {[%emt 0:01:26]} 57. Qd7 {[%emt 0:01:38]} a2 {[%emt 0:01:11]} 58. Qxa7+ {[%emt 0:01:26]} Ra5 {[%emt 0:00:05]} 59. Qd7+ {[%emt 0:01:29]} Ka3 {[%emt 0:00:06]} 60. Qd6+ {[%emt 0:00:59]} Kb2 {[%emt 0:00:06]} 61. e6 {[%emt 0:00:51]} a1=Q+ {[%emt 0:00:07]} 62. Kg2 {[%emt 0:00:00]} Rxh5 {[%emt 0:00:07]} 0-1

[Event "World Junior U20 Girls 2018"]
[Site "Gebze"]
[Date "2018.09.06"]
[Round "2"]
[White "Gomez Barrera, Javiera Belen"]
[Black "Hilario, Aleyla"]
[Result "0-1"]
[WhiteElo "2035"]
[BlackElo "2203"]
[Annotator "NA"]
[PlyCount "54"]
[EventDate "2018.09.05"]
[EventType "swiss"]
[EventCountry "TUR"]
[SourceTitle "playchess.com"]
[Source "ChessBase"]
[SourceQuality "1"]
[TimeControl "40/5400+30:1800+30"]

1. e4 {[%emt 0:00:30]} e5 {[%emt 0:00:30]} 2. Nf3 {[%emt 0:00:30]} Nc6 {[%emt 0:00:30]} 3. Bb5 {[%emt 0:00:00]} a6 {[%emt 0:00:00]} 4. Ba4 {[%emt 0:00:00]} Nf6 {[%emt 0:00:00]} 5. Qe2 {[%emt 0:00:00]} b5 {[%emt 0:00:00]} 6. Bb3 {[%emt 0:00:00]} Be7 {[%emt 0:00:00]} 7. c3 {[%emt 0:01:30]} O-O {[%emt 0:00:00]} 8. O-O {[%emt 0:02:30]} d5 {[%emt 0:00:00]} 9. d3 {[%emt 0:01:30]} Re8 $11 {[%emt 0:02:30]} 10. Rd1 {[%emt 0:07:30]} d4 {[%emt 0:09:30]} 11. Nbd2 {[%emt 0:07:30]} Bc5 {[%emt 0:00:30]} 12. Nf1 {[%emt 0:19:30]} Bb6 {[%emt 0:01:30]} 13. Bc2 {[%emt 0:11:30]} a5 {[%emt 0:10:30]} 14. h3 {[%emt 0:06:30]} a4 {[%emt 0:01:30]} 15. a3 {[%emt 0:01:30]} Nd7 {[%emt 0:18:30]} 16. Ng3 {[%emt 0:17:30]} Nc5 {[%emt 0:03:30]} 17. cxd4 {[%emt 0:07:29]} Ne6 {[%emt 0:09:30]} 18. Nf5 {[%emt 0:04:44]} Nexd4 {[%emt 0:00:30]} 19. N5xd4 {[%emt 0:01:38]} Nxd4 {[%emt 0:00:30]} 20. Nxd4 {[%emt 0:00:37]} Bxd4 {[%emt 0:00:30]} 21. Rb1 {[%emt 0:00:35]} Re6 {[%emt 0:04:30]} 22. Be3 {[%emt 0:02:24]} Rg6 {[%emt 0:00:30]} 23. Kh2 {[%emt 0:01:40]} Qh4 {[%emt 0:02:30]} 24. Bxd4 {[%emt 0:03:25]} Bg4 {[%emt 0:04:30]} 25. f3 {[%emt 0:01:15]} Bxh3 {[%emt 0:00:30]} 26. Bf2 {[%emt 0:01:00]} Rxg2+ {[%emt 0:00:00]} 27. Kh1 {[%emt 0:00:17]} Rxf2 {[%emt 0:00:00]} 0-1

[Event "World Junior U20 Girls 2018"]
[Site "Gebze"]
[Date "2018.09.06"]
[Round "2"]
[White "Yang, Yijing"]
[Black "Bail, Ellen Larissa"]
[Result "1-0"]
[WhiteElo "2018"]
[BlackElo "1832"]
[Annotator "NA"]
[PlyCount "120"]
[EventDate "2018.09.05"]
[EventType "swiss"]
[EventCountry "TUR"]
[SourceTitle "playchess.com"]
[Source "ChessBase"]
[SourceQuality "1"]
[TimeControl "40/5400+30:1800+30"]

1. d4 {[%emt 0:00:30]} d5 {[%emt 0:00:30]} 2. c4 {[%emt 0:00:30]} e6 {[%emt 0:00:00]} 3. Nf3 {[%emt 0:00:00]} Nf6 {[%emt 0:00:00]} 4. g3 {[%emt 0:00:00]} Be7 {[%emt 0:00:30]} 5. Bg2 {[%emt 0:00:00]} O-O {[%emt 0:01:30]} 6. O-O {[%emt 0:00:00]} c5 {[%emt 0:03:30]} 7. cxd5 {[%emt 0:02:30]} Nxd5 {[%emt 0:04:30]} 8. e4 {[%emt 0:04:30]} Nf6 {[%emt 0:03:30]} 9. e5 {[%emt 0:04:30]} Nfd7 {[%emt 0:07:30]} 10. Nc3 {[%emt 0:02:30]} Nc6 {[%emt 0:02:30]} 11. Be3 {[%emt 0:09:30]} cxd4 {[%emt 0:12:30]} 12. Bxd4 {[%emt 0:00:30]} Rb8 {[%emt 0:05:30]} 13. Qe2 {[%emt 0:06:30]} Qa5 {[%emt 0:13:30]} 14. Rfe1 {[%emt 0:05:30]} b5 {[%emt 0:03:30]} 15. Qe4 {[%emt 0:13:30]} Bb7 {[%emt 0:03:30]} 16. Qf4 {[%emt 0:01:30]} Nb4 {[%emt 0:05:30]} 17. Re2 {[%emt 0:11:30]} Rbc8 {[%emt 0:07:30]} 18. a3 {[%emt 0:06:30]} Nd5 {[%emt 0:00:30]} 19. Nxd5 {[%emt 0:01:30]} Bxd5 {[%emt 0:00:30]} 20. b4 {[%emt 0:03:30]} Qa4 {[%emt 0:06:19]} 21. Qe3 {[%emt 0:02:30]} Rc7 {[%emt 0:00:48]} 22. Nd2 {[%emt 0:00:30]} Bxg2 {[%emt 0:02:40]} 23. Kxg2 {[%emt 0:00:30]} Rfc8 {[%emt 0:05:33]} 24. Nb3 {[%emt 0:01:30]} Qa6 {[%emt 0:00:54]} 25. Ree1 {[%emt 0:04:21]} Qb7+ {[%emt 0:01:52]} 26. Qf3 {[%emt 0:01:11]} Qxf3+ {[%emt 0:02:06]} 27. Kxf3 {[%emt 0:00:30]} a6 {[%emt 0:00:06]} 28. Ke4 {[%emt 0:03:02]} Kf8 {[%emt 0:00:53]} 29. Ra2 {[%emt 0:03:32]} Rc4 {[%emt 0:00:47]} 30. f4 {[%emt 0:04:20]} Ke8 {[%emt 0:02:17]} 31. g4 {[%emt 0:01:44]} f6 {[%emt 0:00:43]} 32. Kd3 {[%emt 0:01:05]} fxe5 {[%emt 0:00:46]} 33. fxe5 {[%emt 0:00:05]} Nf8 {[%emt 0:03:31]} 34. Rf1 {[%emt 0:03:11]} Ng6 {[%emt 0:00:15]} 35. Raf2 {[%emt 0:00:04]} Rd8 {[%emt 0:00:08]} 36. Ke4 {[%emt 0:00:45]} a5 {[%emt 0:01:17]} 37. bxa5 {[%emt 0:01:33]} Bxa3 {[%emt 0:00:06]} 38. a6 {[%emt 0:01:34]} Bc5 {[%emt 0:00:49]} 39. Rd2 {[%emt 0:00:41]} Bxd4 {[%emt 0:00:41]} 40. Rxd4 {[%emt 0:00:00]} Rdxd4+ {[%emt 0:00:44]} 41. Nxd4 {[%emt 0:00:52]} Ra4 {[%emt 0:02:45]} 42. Rb1 {[%emt 0:00:30]} Rxa6 {[%emt 0:01:30]} 43. Rxb5 {[%emt 0:01:30]} Kf7 {[%emt 0:04:30]} 44. Rb7+ {[%emt 0:00:30]} Kf8 {[%emt 0:01:30]} 45. Rd7 {[%emt 0:01:30]} Ra5 {[%emt 0:02:30]} 46. Nxe6+ {[%emt 0:00:30]} Ke8 {[%emt 0:00:30]} 47. Rd5 {[%emt 0:00:30]} Ra4+ {[%emt 0:00:30]} 48. Rd4 {[%emt 0:04:30]} Ra5 {[%emt 0:01:34]} 49. Nc7+ {[%emt 0:04:30]} Ke7 {[%emt 0:00:30]} 50. Nd5+ {[%emt 0:00:30]} Ke6 {[%emt 0:00:30]} 51. Rb4 {[%emt 0:00:30]} Nxe5 {[%emt 0:04:30]} 52. Rb6+ {[%emt 0:00:30]} Nc6 {[%emt 0:00:30]} 53. Rxc6+ {[%emt 0:00:00]} Kf7 {[%emt 0:00:19]} 54. Rc7+ {[%emt 0:00:00]} Kg6 {[%emt 0:01:49]} 55. Nf4+ {[%emt 0:01:30]} Kh6 {[%emt 0:00:11]} 56. h4 {[%emt 0:01:30]} Ra4+ {[%emt 0:00:14]} 57. Ke3 {[%emt 0:00:30]} Ra3+ {[%emt 0:00:21]} 58. Kd2 {[%emt 0:00:30]} g5 {[%emt 0:02:35]} 59. Rc6+ {[%emt 0:00:30]} Kg7 {[%emt 0:00:00]} 60. Ne6+ {[%emt 0:00:30]} Kg8 {[%emt 0:00:13]} 1-0